Estatísticas para Cultura Geral

Clique aqui para jogar o quiz

Estatísticas Gerais

  • Esse quiz foi jogado 28 vezes
  • A pontuação média é 6 de 15

Estatísticas das Respostas

HintResposta% Correto
Qual atleta ganhou 23 medalhas de ouro - mais do que qualquer outro na história?Michael Phelps
91%
Quem canta a música "Like a Virgin"?Madonna
70%
Em que país podemos encontrar a cidade Nagoya?Japão
61%
Que país abriga as ruínas da Babilônia?Iraque
57%
Que país controlou a Califórnia de 1821 a 1848?México
57%
Quem canta a música "Crazy in Love"?Beyoncé
52%
Do que é feita a Estátua da Liberdade?Cobre
52%
Na série Friends qual é o sobrenome de Chandler?Bing
39%
Em que país podemos encontrar a cidade Hartford?Estados Unidos
35%
Que marca de jeans tem um ponto de interrogação como parte de seu logotipo?Guess
26%
Qual palavra está faltando em T, Cube e Vanilla?Ice
26%
Que palácio real foi transformado em museu de arte em 1793?Louvre
26%
Em que cidade se passam os filmes da saga Twilight?Forks
17%
Qual é a maior cidade do Paquistão?Karachi
17%
Que cidade Tupac estava visitando quando foi baleado e morto?Las Vegas
13%

Distribuição das Pontuações

Percentil de Números Respondidos

Porcentagem de Pessoas com Cada Pontuação

Sua Pontuação Histórica

Você não jogou esse quiz